Численное исследование локализации пластического течения в металлах; Проблемы прочности; № 3

Λεπτομέρειες βιβλιογραφικής εγγραφής
Parent link:Проблемы прочности=Strength of Materials: научно-технический журнал/ Национальная академия наук Украины (НАНУ, НАН Украины), Институт проблем прочности им. Г. С. Писаренко (ИПП).— , 1969-.— 0556-171X
№ 3.— 2002.— С. 77-81
Κύριος συγγραφέας: Широков А. В.
Γλώσσα:Ρωσικά
Έκδοση: 2002
Σειρά:Научно-технический раздел
Θέματα:
Μορφή: Κεφάλαιο βιβλίου
KOHA link:https://koha.lib.tpu.ru/cgi-bin/koha/opac-detail.pl?biblionumber=383763

MARC

LEADER 00000naa2a2200000 4500
001 383763
005 20231101063151.0
035 |a (RuTPU)RU\TPU\prd\9674 
090 |a 383763 
100 |a 20030110a2002 k y0rusy50 ca 
101 0 |a rus 
102 |a UN 
200 1 |a Численное исследование локализации пластического течения в металлах  |f А. В. Широков 
225 1 |a Научно-технический раздел 
320 |a Библиогр.: 5 назв. 
461 1 |0 (RuTPU)RU\TPU\prd\1695  |x 0556-171X  |t Проблемы прочности  |l Strength of Materials  |o научно-технический журнал  |f Национальная академия наук Украины (НАНУ, НАН Украины), Институт проблем прочности им. Г. С. Писаренко (ИПП)  |d 1969- 
463 1 |0 (RuTPU)RU\TPU\prd\5104  |t № 3  |v С. 77-81  |d 2002 
610 1 |a расчёт 
610 1 |a простой сдвиг 
610 1 |a локализация деформации 
610 1 |a тонкий слой 
610 1 |a динамическое нагружение 
610 1 |a пластическая деформация 
675 |a 539.4  |v 3 
700 1 |a Широков  |b А. В. 
801 1 |a RU  |b 63413507  |c 20030110  |g PSBO 
801 2 |a RU  |b 63413507  |c 20121001  |g RCR 
942 |c BK